[Event "Montigny le Bretonneux Noel op 15th"]
[Site "Montigny le Bretonneux"]
[Date "2012.12.30"]
[Round "6"]
[White "Pommier, Eugene"]
[Black "Jardin, Laurent"]
[Result "0-1"]
[WhiteElo "1507"]
[BlackElo "1732"]
[PlyCount "86"]
[EventDate "2012.12.26"]
[EventType "swiss"]
[EventRounds "7"]
[EventCountry "FRA"]
[SourceTitle "CBM 152 Extra"]
[Source "ChessBase"]
[SourceDate "2013.02.25"]
[SourceVersion "1"]
[SourceVersionDate "2013.02.25"]
[SourceQuality "1"]

1. Nf3 Nf6 2. d4 d5 3. e3 c5 4. dxc5 Qa5+ 5. c3 Qxc5 6. Be2 Bf5 7. Nd4 Bd7 8. 0-0 Nc6 9. a3 e6 10. Nd2 Bd6 11. b4 Qb6 12. N2f3 a6 13. a4 0-0 14. h3 Rac8 15. Bb2 Ne5 16. Rc1 Ne4 17. Nxe5 Bxe5 18. f4 Bf6 19. Qe1 Bxa4 20. g4 Bxd4 21. exd4 Nf6 22. Ra1 Bb5 23. Rf3 Ne4 24. Ra3 Bxe2 25. Qxe2 Nd6 26. Ba1 Rc7 27. f5 Nc4 28. Rb3 e5 29. Kh2 e4 30. Rg3 Qd6 31. h4 Qf4 32. Rb1 Qd2 33. Re1 Qxe2+ 34. Rxe2 Re8 35. g5 g6 36. f6 e3 37. Kh3 b5 38. Rf3 Ra7 39. Rf1 a5 40. bxa5 Rxa5 41. Rb1 Rea8 42. Ree1 Nd2 43. Rbc1 Nb3 0-1